| 000 | 00586nam a22002057a 4500 | ||
|---|---|---|---|
| 999 |
_c11470 _d11470 |
||
| 003 | AR-CdUCM | ||
| 008 | 190404b ||||| |||| 00| 0 spa d | ||
| 040 |
_aMUNICIPALIDAD PROVINCIAL DEL CUSCO _cBIBLIOTECA MUNICIPAL DEL CUSCO |
||
| 082 |
_aC / 869.335 / _bN44 |
||
| 100 |
_aNeruda, Pablo _92359 |
||
| 245 | _aMiliciano corazón de América / | ||
| 260 |
_aCusco : _c1943. |
||
| 300 |
_a44 páginas ; _c21 cm. |
||
| 505 | _aContenido: Novelas. | ||
| 650 |
_aLiteratura chilena _92985 |
||
| 650 |
_aSiglo XX _98 |
||
| 650 |
_aPoesías _92272 |
||
| 942 |
_2ddc _cLIBROS |
||
| 945 | _aachl | ||